Wird geladen...

Eco facts & Eco fiction, Understanding the environmental debate

Bibliographische Detailangaben
1. Verfasser: Baarschers, William H
Format: Printed Book
Veröffentlicht: London, Routledge 1996
Schlagworte:
LEADER 006220000a22001810004500
020 |a 0-415-13021-2 
082 |a 363.7 BAA 
100 |a Baarschers, William H  |9 139012 
245 |a Eco facts & Eco fiction, Understanding the environmental debate 
260 |a London, Routledge 
260 |c 1996 
650 |a cancer every where  |9 139013 
650 |a chemicals  |9 139014 
650 |a food for eating  |9 139015 
650 |a organo chlorines- killer chemicals  |9 24640 
942 |c BK 
999 |c 178034  |d 178030 
952 |0 0  |1 0  |4 0  |6 363_700000000000000_BAA  |7 0  |9 176486  |a SES  |b SES  |d 2019-05-16  |l 0  |o 363.7 BAA  |p SES01948  |r 2019-05-16  |w 2019-05-16  |y BK